01449nam a2200337Ia 4500001001200000003000800012006001900020007001500039008004100054010001700095020003100112020002600143040002100169035002100190050002300211245014700234260004300381300001500424504005100439533015200490650005900642650005800701650005900759650005800818655002900876700002400905700002200929710001700951856012600968999001701094ebr10331426CaPaEBRm u cr cn|||||||||090129s2009 vtu sb 001 0 eng d z 2009003064 z9780754666226 (alk. paper) z9780754695042 (ebook) aCaPaEBRcCaPaEBR a(OCoLC)64683275214aPS416b.L48 2009eb00aLetters and cultural transformations in the United States, 1760-1860h[electronic resource] /cedited by Theresa Strouth and Sharon M. Harris. aBurlington, VT, USA :bAshgate,c2009. axi, 278 p. aIncludes bibliographical references and index. aElectronic reproduction.bPalo Alto, Calif. :cebrary,d2009.nAvailable via World Wide Web.nAccess may be limited to ebrary affiliated libraries. 0aAmerican lettersy18th centuryxHistory and criticism. 0aLetter writingzUnited StatesxHistoryy18th century. 0aAmerican lettersy19th centuryxHistory and criticism. 0aLetter writingzUnited StatesxHistoryy19th century. 7aElectronic books.2local1 aStrouth, Theresa A.1 aHarris, Sharon M.2 aebrary, Inc.40uhttp://site.ebrary.com/lib/rucke/Doc?id=10331426zAn electronic book accessible through the World Wide Web; click to view c51340d51340